Sports Quiz

Random Sports or NHL Quiz
Score 0/50 Timer 10:00
0 Plays Today
Points Player % Correct
794Joe Thornton
99%
718Jarome Iginla
98.1%
662Joe Sakic
97.6%
737Jaromir Jagr
97.3%
711Daniel Alfredsson
96.8%
641Vincent Lecavalier
95.1%
583Martin St. Louis
94.9%
557Ilya Kovalchuk
92.2%
594Mike Modano
92%
634Mats Sundin
91.7%
688Marian Hossa
91.3%
614Patrik Elias
90.5%
561Shane Doan
89.8%
574Nicklas Lidstrom
89.6%
543Dany Heatley
89.1%
522Pavel Datsyuk
88.8%
533Patrick Marleau
88.6%
568Teemu Selanne
88.3%
609Milan Hejduk
86.9%
658Markus Naslund
86.7%
568Paul Kariya
86.2%
600Mark Recchi
82.5%
620Alex Kovalev
81.1%
548Brad Richards
81.1%
612Marc Savard
75.2%
Points Player % Correct
578Scott Gomez
74%
553Brendan Shanahan
72.8%
524Ryan Smyth
72.1%
524Keith Tkachuk
71.1%
580Alex Tanguay
70.4%
513Todd Bertuzzi
69.4%
522Doug Weight
68.4%
507Sergei Fedorov
66.7%
497Olli Jokinen
66.5%
561Ray Whitney
65.8%
504Bill Guerin
65.8%
550Robert Lang
65.3%
582Pavol Demitra
64.1%
534Chris Drury
63.6%
519Jason Arnott
63.1%
494Steve Sullivan
57.8%
536Miroslav Satan
55.8%
528Andrew Brunette
53.4%
504Sergei Gonchar
53.2%
486Vyacheslav Kozlov
52.4%
521Petr Sykora
51.9%
492Brian Rolston
49.5%
523Vinny Prospal
45.6%
520Daymond Langkow
43%
485Michael Nylander
38.3%
Remove Ads.
Support Sporcle.
Get the best of Sporcle when you Go Orange. This ad-free experience offers more features, more stats, and more fun while also helping to support Sporcle. Thank you for becoming a member.

You're not logged in!

Compare scores with friends on all Sporcle quizzes.
OR
Log In

Show Comments

Extras

Top Quizzes Today


Score Distribution

Your Account Isn't Verified!

In order to create a playlist on Sporcle, you need to verify the email address you used during registration. Go to your Sporcle Settings to finish the process.

Report this User

Report this user for behavior that violates our Community Guidelines.

Details: